000
00316nam a2200133Ia 4500
100
_a
Altintas/Yusuf
942
_c
RB
654
_a
Manufacturing
245
_a
Manufacturing automation:Metal cutting mechanics
260
_b
Cambridge
_a
New Delhi
_c
2000
082
_a
671.35
_b
ALT
300
_a
286
546
_a
ENGLISH
999
_c
33374
_d
33374